MLB Teams by City - Statistics

General Stats
  • This quiz has been taken 129 times
    17 since last reset
  • The average score is 26 of 30
Answer Stats
Team City % Correct
Angels Los Angeles
100%
Marlins Miami
100%
Brewers Milwaukee
100%
Braves Atlanta
93%
Red Sox Boston
93%
Cubs Chicago
93%
White Sox Chicago
93%
Astros Houston
93%
Dodgers Los Angeles
93%
Mets New York City
93%
Yankees New York City
93%
Phillies Philadelphia
93%
Giants San Francisco
93%
Orioles Baltimore
87%
Rockies Denver
87%
Royals Kansas City
87%
Twins Minneapolis
87%
Padres San Diego
87%
Mariners Seattle
87%
Cardinals St. Louis
87%
Nationals Washington D.C.
87%
Guardians Cleveland
80%
Rangers Dallas
80%
Tigers Detroit
80%
Diamondbacks Phoenix
80%
Pirates Pittsburgh
80%
Blue Jays Toronto
80%
Reds Cincinnati
73%
Rays Tampa Bay
73%
Athletics Sacramento
60%
No matching quizzes found
Score Distribution
Percent of People with Each Score
Percentile by Number Answered
Your Score History
You have not taken this quiz since the last reset